| 000 | 00870nam a22002055i 4500 | ||
|---|---|---|---|
| 001 | 154784 | ||
| 003 | ES-MaACL | ||
| 005 | 20251012194537.0 | ||
| 008 | 040708m18821889ie a |||| | eng d | ||
| 040 |
_aCAM _bspa _cCAM |
||
| 100 | 1 |
_aGraves, Robert Perceval. _959784 |
|
| 245 | 1 | 0 |
_aLife of Sir William Rowan Hamilton _b: including selections from his poems, correspondence and miscellaneous writings / _cby Robert Perceval Graves. |
| 260 |
_aDublin : _bHodges, Figgis & Co. ; _aLondon : _bLongmans, Green & Co., _c1882-1889. |
||
| 300 |
_a3 v. (XVIII, 698; XV, 719; XXXV, 673 p., [3] h. de fot.) ; _c23 cm. |
||
| 490 | 1 | _aDublin University Press Series | |
| 600 | 1 | 7 |
_aHamilton, William Rowan, _cSir, _d1805-1865 _2 _9154473 |
| 830 | 0 |
_aDublin University Press Series _9188771 |
|
| 852 |
_aES-MaACL _jF-95-97 _z-- Enc. tela grabada |
||
| 999 |
_c154784 _d154784 |
||